Brooklyn Nine-Nine - Statistiques

Statistiques générales
  • Ce quiz a été pris 765 fois
  • Le résultat moyen est 19 sur 32
Statistiques - réponses
Par images Réponse % Correct
Jake Peralta
99%
Amy Santiago
98%
Charles Boyle
97%
Rosa Diaz
97%
Raymond Holt
94%
Terry Jeffords
94%
Gina Linetti
90%
Kevin Cozner
88%
Norm Scully
86%
Michael Hitchcock
81%
Adrian Pimento
80%
Doug Judy
80%
Nikolaj Boyle
80%
Marcus Holt
79%
Madeline Wuntch
63%
Sam Boyle
63%
Milton Boyle
61%
Teddy Wells
61%
Trudy Judy
60%
Karen Peralta
58%
Bill Hummertrout
53%
Sharon Jeffords
50%
Sophia Perez
46%
Keith Pembroke
27%
Seth Dozerman
25%
Jason Stentley
23%
Caleb
18%
Melanie Hawkins
17%
Seamus Murphy
14%
Frank O'Sullivan
11%
Mlepnos
11%
Tito
9%
Aucun quiz correspondant
Distribution des résultats
% des personnes avec chaque résultat
Percentile par nombre de réponses
Votre historique - résultats
Vous n’avez pas pris ce quiz